000 01311cam a22003617a 4500
003 CHAP
005 20220329140138.0
008 971013s1980 r 00010 d
010 _a47645
011 _a48617
035 _a52763
040 _cCHAP
090 _aTesis
100 0 0 _aReyes Sandoval, José Mario.
_996984
245 1 3 _aEl efecto de la impermeabilización y la pendiente del suelo, para la captación del agua de lluvia en el cultivo del frijol en un suelo semidesértico
260 _aMonterrey, N. L. :
_bEl autor,
_c1980
300 _a33 h.
502 _aTesis (Ing. Agr. Fitotecnista) -- Universidad Autónoma de Nuevo León. Facultad de Agronomía
590 _aALEPH
_b10
_c20130110
_lUCH01
_h1318
590 _aBATCH-UPD
_b10
_c20130110
_lUCH01
_h0040
590 _aBATCH-UPD
_b10
_c20130110
_lUCH01
_h1527
590 _aBATCH-UPD
_b10
_c20130409
_lUCH01
_h2026
590 _aBATCH-UPD
_b10
_c20130410
_lUCH01
_h0936
590 _aBATCH-UPD
_b10
_c20130914
_lUCH01
_h1438
590 _aCONVERSION
_b10
_c20130109
_lUCH01
_h1326
650 1 4 _aFrijol
_xAgua requerida.
_943320
650 1 4 _aLluvia
_xRegiones áridas.
_967337
650 1 4 _aSuelos
_xEstructura.
_9110360
650 1 4 _aSuelos
_xPercolación.
_9110457
901 _aBK
942 _cTESIS
949 _bBC
_cTES
_d-117342
_eTS1
_i52763
_si
999 _c47645
_d47645